| 000 | 00371nam a2200145Ia 4500 | ||
|---|---|---|---|
| 008 | 230511s2010 xx 000 0 und d | ||
| 020 | _a978-0500-411100-1 | ||
| 041 | _aeng | ||
| 082 | _a779.092 | ||
| 100 | _aBerenice Abbott | ||
| 245 | _aBerenice Abbott | ||
| 260 |
_aNew York _bThames & Hudson _c2010 |
||
| 300 | _a68PB 18X12 cm | ||
| 650 | _aPeople & Portraiture - 1 | ||
| 999 |
_c354579 _d354579 |
||